|
|
|
|
| LEADER |
00720nam a22001694a 4500 |
| 008 |
150108n ii |||gr||||Z||||||eng |
| 082 |
|
|
|a 658.540 SAS
|
| 100 |
|
|
|a Sasieni, Maurice and Yaspan, Arthur and Friedman, Lawrence.
|
| 245 |
1 |
|
|a Operations Research
|b Methods and Problems
|h Textual Documents
|
| 250 |
|
|
|a 1959.
|
| 260 |
|
|
|a [s.l]:
|b John Wiley & Sons, Inc ,
|c 1959.
|
| 300 |
|
|
|a XI;316p.:
|e 08546.
|
| 630 |
|
|
|a Operations Reasearch-Mathematics, Inventory,Dynamic Programming.
|
| 852 |
|
|
|t 1
|p STA08546
|b Text Books
|k 658.540 SAS
|f 00000
|c Shelf-29
|
| 942 |
|
|
|c BK
|
| 999 |
|
|
|c 217777
|d 217777
|
| 952 |
|
|
|0 0
|1 0
|4 0
|6 658_540000000000000_SAS
|7 0
|9 231919
|a STA
|b STA
|c Shelf-29
|d 2019-12-11
|l 0
|o 658.540 SAS
|p STA08546
|r 2019-12-11
|t 1
|w 2019-12-11
|y BK
|